Escape from Shangri-La (Запис № 17966)
[ простий вигляд ]
| 000 -Маркер запису | |
|---|---|
| Контрольне поле сталої довжини | 02073nam a22002417a 4500 |
| 003 - Належність контрольного номера | |
| Контрольне поле | Uzh_bibl |
| 008 - Кодовані дані | |
| Контрольне поле сталої довжини | 260525b |||||||| |||| 00| 0 ukr d |
| 020 ## - Індекс ISBN | |
| ISBN | 978-1-4052-5593-6 |
| Ціна | 100.00 |
| 040 ## - Джерело каталогіз. | |
| Код мови каталог. | укр. |
| 041 ## - Код мови видання | |
| Код мови оригіналу | англійська |
| Код мови тексту | англійська |
| 080 ## - Індекс УДК | |
| Індекс УДК | 821(410) |
| 090 ## - Шифри | |
| Поличний індекс | 821(410) |
| Авторський знак | М 83 |
| 100 ## - Автор | |
| Автор | Morpurgo, Michael |
| 245 ## - Назва | |
| Назва | Escape from Shangri-La |
| Фізичний носій | Text |
| 260 ## - Вихідні дані | |
| Місце видання | London |
| Видавництво | Egmont |
| Дата видання | 2010 |
| 300 ## - Фізичний опис | |
| Обсяг | 206 s. |
| 520 ## - Анотація | |
| Анотація | A gripping and heartfelt war story from Britain’s best-loved children’s author, Michael Morpurgo. Turned away by his own son, Cessie’s long-lost grandfather finds himself in the place he fears most a nursing home called Shangri-La. Only Cessie loves him and is determined to help him escape and unravel the truth of his past. A past that comes to him only in glimpses a lifeboat, a tin of condensed milk, a terrifying night on the beaches of Dunkirk in World War II.Захоплююча і щира воєнна історія від найулюбленішого британського дитячого автора Майкла Морпурго. Відштовхнутий власним сином, давно загублений дідусь Сесі опиняється в місці, якого найбільше боїться — у будинку для літніх людей під назвою Шангрі-Ла. Тільки Сессі любить його і рішуче налаштована допомогти йому втекти та розкрити правду про його минуле. Минуле, яке приходить до нього лише миттями, рятувальним човном, банкою згущеного молока, страшною ніччю на пляжах Дюнкерка під час Другої світової війни. |
| 521 ## - Примітка про цільове призначення | |
| Примітка про цільове призначення | Для підлітків |
| 525 ## - Примітка про додаток | |
| Примітка про додаток | Для старшого шкільного віку |
| 546 ## - Примітка про мову | |
| Примітка про мову | укр. |
| 650 ## - Тематичні рубрики | |
| Основна рубрика | Літературно-художне видання |
| 942 ## - ADDED ENTRY ELEMENTS (KOHA) | |
| Джерело класифікації чи схема поличного розташування | |
| Koha item type | Книги |
| Статус вилучення | Статус втрати/відсутності | Джерело класифікації чи схема поличного розташування | Статус пошкодження | Тип обігу (не для випозичання) | Постійне розташування | Поточне розташування | Дата надходження | Джерело надходження (постачальник) | Інвентарний номер | Total Checkouts | Повний (примірниковий) шифр зберігання | Штрих-код | Date last seen | Дата, для якої чинна ціна заміни | Тип одиниці (рівень примірника) |
|---|---|---|---|---|---|---|---|---|---|---|---|---|---|---|---|
| Бібліотека-філія № 1 для дітей | Бібліотека-філія № 1 для дітей | 23/04/2026 | Подаровані | 80869 | 821(410) | 19438 | 26/05/2026 | 26/05/2026 | Книги |